Adivinhe a música da Taylor Swift sem dicas #23 - Statistics

Estatísticas Gerais
  • Esse quiz foi jogado 88 vezes
  • A pontuação média é 156 de 330
Estatísticas das Respostas
Resposta % Correto
I
97%
A
96%
you
96%
You
96%
the
86%
The
86%
me
84%
me,
84%
we
84%
We
84%
love
83%
and
78%
And
78%
be
78%
my
78%
your
72%
where
70%
is
68%
on
68%
do
67%
to
64%
were
64%
so
62%
In
61%
in
61%
like
59%
was
59%
that
58%
look
55%
oh
54%
Oh
54%
She
54%
when
54%
A.M.
52%
of
52%
at
51%
did,
48%
did
48%
this
48%
never
46%
They
46%
us
43%
all
41%
nine
39%
seven
39%
But
38%
our
38%
Our
38%
I'll
36%
one
36%
time
36%
time,
36%
back
35%
Just
35%
said,
35%
said
35%
had
33%
two
33%
Two
33%
beat
29%
girl
29%
too
29%
up
29%
up,
29%
kiss
28%
Take
28%
take
28%
see
26%
shine
26%
stars
26%
than
26%
eyes
25%
got
25%
light
25%
sky,
25%
their
25%
about
23%
fall
23%
looked
23%
pretty
23%
eighty-seven,
22%
used
22%
you'd
22%
eighty-nine
20%
first
20%
home
20%
house
20%
still
20%
Well,
20%
We'll
20%
bigger
19%
lights
19%
tree
19%
wasn't
19%
come
17%
joke
17%
you'll
17%
daddies
16%
down
16%
falling
16%
Growing
16%
little
16%
need
16%
rolled
16%
smiled
16%
very
16%
before
14%
mamas
14%
sixteen
14%
knee
13%
next
13%
we'd
13%
world
13%
After
12%
backyard
12%
believed
12%
favorite
12%
fight
12%
gone
12%
kids,
12%
really
12%
truck
12%
years
12%
dared
10%
kissing
10%
outside
10%
spot
10%
suddenly
10%
till
10%
town
10%
whole
10%
around
9%
babies
9%
block
9%
came
9%
cried
9%
doors
9%
few
9%
morning
9%
ran
9%
shined
9%
sitting
9%
stayed
9%
tried
9%
aisle
7%
goodnight
7%
many
7%
met
7%
riding
7%
slamming
7%
wide
7%
beds
6%
creek
6%
front
6%
instead
6%
turned
6%
walked
6%
porch
4%
rock
4%
Nenhum quiz correspondente encontrado
Distribuição das Pontuações
Porcentagem de Pessoas com Cada Pontuação
Percentil de Números Respondidos
Sua Pontuação Histórica
Você não jogou esse quiz